A hazaselet abc-je /

Saved in:
Bibliografiske detaljer
Main Authors: Aszodi, Imre (Author), Brencsan, Janos (Author)
Format: Bog
Sprog:ungarsk
Udgivet: Budapest : Medicina, c1976
Tags: Tilføj Tag
Ingen Tags, Vær først til at tagge denne postø!

MARC

LEADER 00000nam a22000007i 4500
001 IT\ICCU\UBO\3462948
003 ItRI
005 20260115231959.0
008 080725s1976 hu |||||| ||||| |||||c
020 |a 9632407563 
040 |b ita  |c importazione bologna sebina 
041 7 |a hun  |2 ISO-639-2 
100 1 |a Aszodi, Imre  |0 IT\ICCU\UBOV\253581  |4 aut 
245 1 2 |a A hazaselet abc-je /  |c Aszodi Imre, Brencsan Janos. 
260 |a Budapest :  |b Medicina,  |c c1976 
300 |a 313 p.: ill. ;  |c 19 cm. 
700 1 |a Brencsan, Janos  |0 IT\ICCU\UBOV\253583  |4 aut 
942 |2 ddc  |c BK  |n 0 
952 |0 0  |1 0  |4 0  |6 DOC_301_410000000000000_ASZ  |7 0  |9 18432  |a BO  |b BO  |d 2026-01-15  |i 1415  |l 0  |o DOC 301.41 ASZ  |p BO1415  |r 2026-01-15 23:19:59  |w 2026-01-15  |x [Sebina 5] [1 v.]  |y BK  |z 1 v. 
999 |c 15598  |d 15598